| 000 | 00601nam a2200181 4500 | ||
|---|---|---|---|
| 001 | 132506 | ||
| 003 | ES-MaACL | ||
| 007 | t| | ||
| 008 | 070214s1980 sp r ||||1| spa d | ||
| 100 | 1 |
_aRomero Real, Cristóbal. _999430 |
|
| 245 | 1 | 0 |
_aNueva antología / _cCristóbal Romero Real ; prólogo: Bartolomé Almenara Laguna. |
| 250 | _a1ª ed. | ||
| 260 |
_aFernán Núñez (Córdoba) : _bAyuntamiento, _c1980. |
||
| 300 |
_a107 p. ; _c22 cm. |
||
| 700 | 1 |
_aAlmenara Laguna, Bartolomé. _920136 |
|
| 710 | 2 |
_aFernán Núñez (Córdoba). _bAyuntamiento. _94122 |
|
| 852 |
_aES-MaACL _jL-443 _bR.101050 |
||
| 999 |
_c132506 _d132506 |
||